00526nam a2200169Ia 4500001001000000003000500010008004100015010001100056040000900067100001700076245008500093260005600178300001100234440004300245650004700288700002100335Para_3789CHAP220125s1935 xx 000 0 und d a202310 cCHAP aAllen, F. W aPrecooling investigations with deciduous fruits /c F. W. Allen, L. R. Mckinnon aBerkeley, Cal. :b Agricultural Experiment Station a142 p. aCalifornia. Agri. Exp. Sta. Bull.; 590 aFrutas congeladas Fruta x Preservación aMckinnopn, L. R.